All Arab Countries - Statistics

General Stats
  • This quiz has been taken 122 times
  • The average score is 18 of 21
Answer Stats
Answer % Correct
Egypt
97%
Saudi Arabia
97%
Oman
94%
Qatar
94%
United Arab Emirates
94%
Jordan
93%
Yemen
93%
Iraq
91%
Kuwait
91%
Lebanon
91%
Algeria
90%
Libya
90%
Syria
90%
Bahrain
88%
Tunisia
88%
Morocco
87%
Sudan
87%
Somalia
72%
Mauritania
65%
Djibouti
63%
Comoros
48%
No matching quizzes found
Score Distribution
Percent of People with Each Score
Percentile by Number Answered
Your Score History
You have not taken this quiz